000 01674cam a2200289 a 4500
003 OSt
005 20210527114646.0
008 021011s2002 ck ad r 001 0 spa d
020 _a9583800848
040 _aCO-BoPUJ
_cCO-JMCR
041 0 _aspa
082 0 4 _a330.986 /
_bB213c
_223
110 2 _aBanco de la República
_bGrupo de Estudios del Crecimiento Económico
_937956
245 1 3 _aEl crecimiento económico colombiano en el siglo XX /
_cBanco de la República
_bGrupo de Estudios del Crecimiento Económico ; director Miguel Urritia Montoya ; investigadores Adriana Pontón Castro y Carlos Esteban Posada
260 _aBogotá :
_bBanco de la República
_c2004.
300 _axv, 460 páginas :
_bilustraciones, cuadros, diagramas +
_e1 CD-ROM (124 MB
_c12 cm.)
490 0 _aEconomía Latinoamericana
504 _aIncluye referencias bibliográficas e índice.
505 _aNuevas y viejas estimaciones del producto colombiano. -- El crecimiento económico: aspecto global. -- Ahorro, inversión y crecimiento económico. -- Ahorro e inversión en Colombia: revisión de cifras macroeconómicas. -- La tasa de interés. -- Comercio exterior y actividad económica: exportaciones totales tradicionales. Exportaciones no tradicionales. -- Importaciones y actividades económicas. -- El comercio exterior: cifras, fuentes y métodos.
650 2 4 _aAhorro e inversión
_937957
650 2 4 _aTasas de interés
_937958
650 2 4 _aPolítica económica
_zColombia
_937959
700 1 _aUrritia Montoya, Miguel
_937960
700 1 _aPontón Castro, Adriana
_eInvestigadora
_97634
700 1 _aPosada Posada, Carlos Esteban
_eInvestigador
_937961
942 _2ddc
_cBK
999 _c11730
_d11730